Statistiche per Stati per Fuso Orario - UTC+0

Clicka qui per fare il quiz!

Statistiche generali

  • Questo quiz è stato fatto 13 volte
  • Il punteggio medio è 12 su 20

Statistiche sulle risposte

ContinenteNazione% Corretto
EuropaRegno Unito
100%
EuropaPortogallo
92%
EuropaIrlanda
83%
EuropaIslanda
83%
Africaisole atlantiche di Sant'Elena, Ascensione e Tristan da Cunha (Regno Unito)
83%
AfricaGhana
75%
AfricaLiberia
75%
AfricaCosta d'Avorio
67%
AfricaGuinea
67%
AfricaGuinea-Bissau
67%
AfricaMali
67%
AfricaMauritania
67%
AfricaSenegal
67%
AfricaSierra Leone
67%
AfricaGambia
58%
AfricaTogo
58%
AfricaBurkina Faso
50%
AfricaArcipelago delle Canarie (Spagna)
0%
America del NordDanmarkshavn (Danimarca)
0%
EuropaFær Øer (Danimarca)
0%

Distribuzione punteggi

Percentile per numero di risposta

Percentuale di utenti per punteggio

I tuoi punteggi nel tempo

Non hai fatto questo quiz